[Event "DSOL 02 Liga Gr-D 1st"]
[Site "Playchess.com INT"]
[Date "2020.07.08"]
[Round "3.2"]
[White "Gross, Thomas"]
[Black "Maksimovic, Marko"]
[Result "1/2-1/2"]
[WhiteElo "1975"]
[BlackElo "2169"]
[PlyCount "46"]
[EventDate "2020.06.22"]
[EventType "team-tourn (rapid)"]
[EventCountry "GER"]
[SourceTitle "EXT 2021"]
[Source "ChessBase"]
[SourceDate "2020.10.23"]
[SourceVersion "1"]
[SourceVersionDate "2020.10.23"]
[SourceQuality "1"]
[WhiteTeam "Oberhausen SV"]
[BlackTeam "Ebersberg Grafing"]
[WhiteTeamCountry "GER"]
[BlackTeamCountry "GER"]

1. Nf3 Nf6 2. g3 g6 3. b3 Bg7 4. Bb2 0-0 5. Bg2 d5 6. c4 Re8 7. cxd5 Nxd5 8. Bxg7 Kxg7 9. d4 Nf6 10. Nc3 c5 11. 0-0 cxd4 12. Nxd4 a6 13. Rc1 Qa5 14. h3 e5 15. Nf3 Nc6 16. e3 Bf5 17. Nh4 Be6 18. Qe2 Rad8 19. Rfd1 Rxd1+ 20. Qxd1 Rd8 21. Qe2 h6 22. g4 Qb4 23. Nf3 Nd5 1/2-1/2

[Event "Belgrade-chT"]
[Site "Belgrade"]
[Date "2019.10.02"]
[Round "9.6"]
[White "Ravic, Nenad"]
[Black "Maksimovic, Marko"]
[Result "1/2-1/2"]
[WhiteElo "2304"]
[BlackElo "2142"]
[PlyCount "111"]
[EventDate "2019.09.23"]
[EventType "team-tourn"]
[EventRounds "11"]
[EventCountry "SRB"]
[SourceTitle "EXT 2020"]
[Source "ChessBase"]
[SourceDate "2019.10.17"]
[SourceVersion "1"]
[SourceVersionDate "2019.10.17"]
[SourceQuality "1"]
[WhiteTeam "Lasta"]
[BlackTeam "Partizan"]
[WhiteTeamCountry "SRB"]
[BlackTeamCountry "SRB"]

1. e4 c5 2. Nf3 d6 3. d4 cxd4 4. Nxd4 Nf6 5. Nc3 Bd7 6. Bc4 Nc6 7. Bb3 g6 8. h3 Nxd4 9. Qxd4 Bg7 10. Be3 0-0 11. Qd3 b5 12. Bd4 Bc6 13. Nd5 e6 14. Nxf6+ Bxf6 15. h4 Be5 16. Bxe5 dxe5 17. Qxd8 Rfxd8 18. f3 a5 19. a4 Rd4 20. c3 Rd6 21. axb5 Bxb5 22. Rd1 Rb6 23. Ba2 Ba4 24. Rd2 Rab8 25. b4 axb4 26. cxb4 Rxb4 27. 0-0 Rd4 28. Rff2 Kg7 29. Kh2 h6 30. g4 g5 31. hxg5 hxg5 32. Kg3 Kf6 33. Rb2 Rxb2 34. Rxb2 Rd3 35. Bc4 Rc3 36. Be2 Rc2 37. Rxc2 Bxc2 38. Kf2 Ke7 39. Ke3 Kd6 40. Kd2 Ba4 41. Ke3 Kc5 42. Bd3 Bb5 43. Bc2 Kc4 44. Kd2 Kd4 45. Bb3 Kc5 46. Bd1 Kb4 47. Bc2 Ka3 48. Bd1 Kb2 49. Ke3 Kc3 50. Kf2 Kd2 51. Bb3 Bd3 52. Ba4 f5 53. gxf5 exf5 54. exf5 Bxf5 55. Bc6 Kd3 56. Bb5+ 1/2-1/2

[Event "Regionalliga Sued-Ost 1819"]
[Site "Bayern"]
[Date "2019.04.07"]
[Round "9.3"]
[White "Steinmueller, Stephan"]
[Black "Maksimovic, Marko"]
[Result "1/2-1/2"]
[WhiteElo "2102"]
[BlackElo "2162"]
[PlyCount "77"]
[EventDate "2018.10.21"]
[EventType "team-tourn"]
[EventRounds "9"]
[EventCountry "GER"]
[SourceTitle "EXT 2022"]
[Source "ChessBase"]
[SourceDate "2021.10.06"]
[SourceVersion "1"]
[SourceVersionDate "2021.10.06"]
[SourceQuality "1"]
[WhiteTeam "Starnberg SC"]
[BlackTeam "Ebersberg Grafing"]
[WhiteTeamCountry "GER"]
[BlackTeamCountry "GER"]

1. e4 c5 2. Nf3 d6 3. d3 Nc6 4. g3 g6 5. Bg2 Bg7 6. 0-0 e6 7. c3 Nge7 8. Be3 0-0 9. Qd2 Rb8 10. Bh6 b5 11. Bxg7 Kxg7 12. d4 e5 13. d5 Na5 14. b3 Nb7 15. Na3 Bd7 16. Nc2 a5 17. Ne3 b4 18. c4 a4 19. h3 Ra8 20. Nh2 Ra6 21. f4 f6 22. fxe5 dxe5 23. Neg4 Ng8 24. Qb2 Qe7 25. Ne3 Nd6 26. g4 h6 27. h4 Nf7 28. h5 g5 29. Nf3 Nd6 30. Ne1 Rfa8 31. Nd3 Nf7 32. Kh2 Qd6 33. Kg3 Qc7 34. Nc2 Qa7 35. Kh3 Ne7 36. Kg3 Nc8 37. Kh3 Ncd6 38. Kg3 Nb7 39. Kh3 1/2-1/2

[Event "Regionalliga Sued-Ost 1718"]
[Site "Bayern"]
[Date "2017.11.26"]
[Round "3.2"]
[White "Maksimovic, Marko"]
[Black "Parashchenko, Oleg"]
[Result "1/2-1/2"]
[WhiteElo "2127"]
[BlackElo "2148"]
[PlyCount "99"]
[EventDate "2017.10.22"]
[EventType "team-tourn"]
[EventRounds "9"]
[EventCountry "GER"]
[SourceTitle "EXT 2022"]
[Source "ChessBase"]
[SourceDate "2021.10.06"]
[SourceVersion "1"]
[SourceVersionDate "2021.10.06"]
[SourceQuality "1"]
[WhiteTeam "Ebersberg Grafing"]
[BlackTeam "Freising SK"]
[WhiteTeamCountry "GER"]
[BlackTeamCountry "GER"]

1. d4 d5 2. Bf4 e6 3. e3 Bd6 4. Bg3 Nf6 5. Nd2 c5 6. c3 Nc6 7. Ngf3 Bxg3 8. hxg3 Qd6 9. Bb5 Bd7 10. 0-0 0-0 11. Bxc6 Bxc6 12. Ne5 Be8 13. f4 Nd7 14. Nxd7 Bxd7 15. Nf3 f6 16. dxc5 Qxc5 17. Qd4 Rfc8 18. Qxc5 Rxc5 19. Rfd1 Re8 20. e4 a5 21. exd5 exd5 22. Nd4 Re4 23. Re1 Kf7 24. Rad1 Bg4 25. Rxe4 dxe4 26. Rd2 Be6 27. a3 Bc4 28. Kf2 h5 29. Ke3 Bd3 30. Nb3 Rb5 31. Nc1 Bb1 32. b4 axb4 33. axb4 Ke6 34. Rb2 Bd3 35. Nxd3 exd3 36. Kxd3 Rd5+ 37. Ke3 Rd1 38. c4 Rc1 39. Kd4 Kd6 40. c5+ Kc6 41. b5+ Kd7 42. Kd5 Rc3 43. c6+ bxc6+ 44. bxc6+ Kc8 45. Re2 Rxg3 46. Kd6 Rd3+ 47. Ke6 Rg3 48. Kd6 Rd3+ 49. Ke6 Rg3 50. Kd6 1/2-1/2

[Event "Belgrade-chT Premier"]
[Site "Belgrade"]
[Date "2017.09.18"]
[Round "1.4"]
[White "Maksimovic, Marko"]
[Black "Maric, Dragan"]
[Result "1-0"]
[WhiteElo "2174"]
[BlackElo "2206"]
[PlyCount "81"]
[EventDate "2017.09.18"]
[EventType "team"]
[EventRounds "9"]
[EventCountry "SRB"]
[SourceTitle "CBM 180 Extra"]
[Source "ChessBase"]
[SourceDate "2017.10.06"]
[SourceVersion "1"]
[SourceVersionDate "2017.10.06"]
[SourceQuality "1"]
[WhiteTeam "Belgrade Partizan"]
[BlackTeam "Belgrade PTT"]
[WhiteTeamCountry "SRB"]
[BlackTeamCountry "SRB"]

1. d4 Nf6 2. c4 g6 3. Nc3 Bg7 4. e4 0-0 5. Nf3 d6 6. Be2 e5 7. Be3 Nc6 8. d5 Ne7 9. Nd2 Ne8 10. c5 f5 11. f3 dxc5 12. Bxc5 b6 13. Be3 c5 14. Nc4 Kh8 15. a4 Ba6 16. Na3 Bxe2 17. Qxe2 Nd6 18. Bg5 Nf7 19. Bh4 Qd7 20. Qb5 Qb7 21. Nc4 Rab8 22. a5 Nc8 23. a6 Qc7 24. Qc6 Qxc6 25. dxc6 g5 26. c7 Ra8 27. Bf2 Ncd6 28. Nxd6 Nxd6 29. Rd1 Nc4 30. Rd7 Na5 31. 0-0 Nc6 32. Nb5 fxe4 33. fxe4 Bf6 34. Rd6 Ne7 35. Bxc5 Kg7 36. Rdxf6 Rxf6 37. Bxe7 Rc6 38. Rd1 Rc8 39. Nxa7 R8xc7 40. Nxc6 Rxc6 41. a7 1-0

[Event "Belgrade Jezero op"]
[Site "Belgrade"]
[Date "2017.08.11"]
[Round "7"]
[White "Maksimovic, Marko"]
[Black "Ruzicic, Sinisa"]
[Result "1-0"]
[WhiteElo "2184"]
[BlackElo "1980"]
[PlyCount "79"]
[EventDate "2017.08.05"]
[EventType "swiss"]
[EventRounds "9"]
[EventCountry "SRB"]
[SourceTitle "CBM 180 Extra"]
[Source "ChessBase"]
[SourceDate "2017.10.06"]
[SourceVersion "1"]
[SourceVersionDate "2017.10.06"]
[SourceQuality "1"]

1. d4 d5 2. Bf4 Bf5 3. e3 e6 4. Nf3 Nf6 5. c4 Bb4+ 6. Nc3 Ne4 7. Qb3 Nc6 8. a3 Bxc3+ 9. bxc3 Rb8 10. cxd5 exd5 11. Be2 0-0 12. 0-0 a6 13. Rfc1 b5 14. a4 Na5 15. Qb4 Nc4 16. axb5 axb5 17. Ra7 Ned6 18. Qc5 Be4 19. Rca1 b4 20. cxb4 Rb5 21. Qxc7 Qxc7 22. Rxc7 Rxb4 23. h3 Rb2 24. Bf1 h6 25. Ne5 Rc2 26. Nxc4 Nxc4 27. f3 Bh7 28. Rc5 g5 29. Bxc4 dxc4 30. Bg3 Rd8 31. e4 Bxe4 32. fxe4 Rxd4 33. Ra8+ Kh7 34. Rcc8 Kg6 35. Rg8+ Kh5 36. Be1 Rxe4 37. g4+ Rxg4+ 38. hxg4+ Kxg4 39. Rac8 Re2 40. Rxc4+ 1-0

[Event "Belgrade-chT Quality"]
[Site "Belgrade"]
[Date "2016.10.26"]
[Round "10.3"]
[White "Maksimovic, Marko"]
[Black "Nikolic, Branislav S"]
[Result "1-0"]
[WhiteElo "2206"]
[BlackElo "2101"]
[PlyCount "51"]
[EventDate "2016.10.01"]
[EventType "team-tourn"]
[EventRounds "11"]
[EventCountry "SRB"]
[SourceTitle "EXT 2018"]
[Source "ChessBase"]
[SourceDate "2017.10.13"]
[SourceVersion "1"]
[SourceVersionDate "2017.10.13"]
[SourceQuality "1"]

1. d4 Nf6 2. c4 e6 3. Nc3 d5 4. Nf3 Be7 5. cxd5 exd5 6. Qc2 0-0 7. Bf4 c5 8. e3 Nc6 9. Be2 Nb4 10. Qd1 Bf5 11. 0-0 c4 12. Ne5 Ne4 13. Nxe4 Bxe4 14. a3 Nc2 15. Rc1 Nxa3 16. bxa3 Bxa3 17. Ra1 Bb2 18. Ra2 Bc3 19. Qa4 a5 20. Nd7 Re8 21. Nc5 b6 22. Nxe4 Rxe4 23. Bf3 Re7 24. Qb5 Rd7 25. Rc1 Bb4 26. Rxc4 1-0

[Event "Belgrade-chT Quality"]
[Site "Belgrade"]
[Date "2016.10.22"]
[Round "7.3"]
[White "Maksimovic, Marko"]
[Black "Obradovic, Dragan"]
[Result "1-0"]
[WhiteElo "2206"]
[BlackElo "2075"]
[PlyCount "67"]
[EventDate "2016.10.01"]
[EventType "team-tourn"]
[EventRounds "11"]
[EventCountry "SRB"]
[SourceTitle "EXT 2018"]
[Source "ChessBase"]
[SourceDate "2017.10.13"]
[SourceVersion "1"]
[SourceVersionDate "2017.10.13"]
[SourceQuality "1"]

1. d4 d5 2. Bf4 c6 3. e3 Bf5 4. c4 e6 5. Nc3 Nf6 6. Qb3 Qb6 7. c5 Qxb3 8. axb3 Nbd7 9. b4 a6 10. b5 cxb5 11. Nxb5 Rc8 12. Nc3 Be7 13. h3 0-0 14. Nf3 Ne4 15. Ne5 Nxe5 16. Bxe5 Bf6 17. Nxe4 Bxe5 18. Nc3 Bf6 19. Kd2 Rfd8 20. f4 Be7 21. Bd3 Bg6 22. b4 f6 23. Bxg6 hxg6 24. Rhb1 Rd7 25. b5 axb5 26. Rxb5 Rcc7 27. Ra8+ Kf7 28. Rb8 g5 29. Rb6 gxf4 30. exf4 g5 31. Nb5 Rc6 32. R6xb7 Rxb7 33. Rxb7 gxf4 34. Na7 1-0

[Event "Belgrade Jezero op"]
[Site "Belgrade"]
[Date "2015.08.14"]
[Round "7"]
[White "Maksimovic, Marko"]
[Black "Vojinovic, Luka"]
[Result "0-1"]
[WhiteElo "2215"]
[BlackElo "2110"]
[PlyCount "84"]
[EventDate "2015.08.08"]
[EventType "swiss"]
[EventRounds "9"]
[EventCountry "SRB"]
[SourceTitle "EXT 2016"]
[Source "ChessBase"]
[SourceDate "2015.10.08"]
[SourceVersion "1"]
[SourceVersionDate "2015.10.08"]
[SourceQuality "1"]

1. d4 d5 2. Bf4 Nf6 3. e3 c5 4. Nf3 Nc6 5. c3 Qb6 6. Qb3 c4 7. Qc2 g6 8. Nbd2 Bf5 9. Qc1 Bg7 10. Be2 0-0 11. h3 h6 12. Ne5 g5 13. Bh2 Nxe5 14. Bxe5 Ne4 15. Bxg7 Kxg7 16. h4 Qd6 17. g4 Bg6 18. Bf3 Nf6 19. e4 Qe6 20. e5 Nd7 21. Nf1 f6 22. Qe3 fxe5 23. hxg5 hxg5 24. Be2 Qf6 25. dxe5 Nxe5 26. Rd1 e6 27. Ng3 Qf4 28. Nh5+ Bxh5 29. gxh5 Qxe3 30. fxe3 Kh6 31. Rd4 Rad8 32. e4 b5 33. exd5 exd5 34. Kd2 Nc6 35. Rg4 d4 36. Rhg1 d3 37. Bd1 Rf5 38. a4 a6 39. Re4 Rd6 40. Bg4 Rf4 41. Re8 bxa4 42. Bd7 Rf2+ 0-1

[Event "Belgrade Jezero op"]
[Site "Belgrade"]
[Date "2015.08.11"]
[Round "4"]
[White "Popovic, Mladen"]
[Black "Maksimovic, Marko"]
[Result "1/2-1/2"]
[WhiteElo "2113"]
[BlackElo "2215"]
[PlyCount "78"]
[EventDate "2015.08.08"]
[EventType "swiss"]
[EventRounds "9"]
[EventCountry "SRB"]
[SourceTitle "EXT 2016"]
[Source "ChessBase"]
[SourceDate "2015.10.08"]
[SourceVersion "1"]
[SourceVersionDate "2015.10.08"]
[SourceQuality "1"]

1. e4 c5 2. Nf3 Nc6 3. d4 cxd4 4. Nxd4 d6 5. Nc3 Nf6 6. Be2 e5 7. Nb3 Be7 8. 0-0 0-0 9. Bg5 Nxe4 10. Bxe7 Nxc3 11. Bxd8 Nxd1 12. Bc7 Nxb2 13. a4 d5 14. Bb5 Nc4 15. Rfd1 a6 16. Bxc4 dxc4 17. Na5 Nxa5 18. Bxa5 Bf5 19. c3 Bd3 20. Bb6 f5 21. a5 e4 22. Ra2 f4 23. Rb2 Rae8 24. Bd4 Rf7 25. Re1 Ree7 26. g3 g5 27. h4 h6 28. Rb6 Kh7 29. hxg5 hxg5 30. Kg2 f3+ 31. Kh3 Kg8 32. Kg4 Be2 33. Be3 Rh7 34. Rg6+ Kf7 35. Rxg5 Rg7 36. Rb1 Rxg5+ 37. Kxg5 Bd3 38. Rb6 Re5+ 39. Kf4 Rxa5 1/2-1/2

[Event "Regionalliga SO 1415"]
[Site "Bayern"]
[Date "2015.04.12"]
[Round "9.2"]
[White "Vidonyak, Roman"]
[Black "Maksimovic, Marko"]
[Result "1-0"]
[WhiteElo "2407"]
[BlackElo "2139"]
[PlyCount "53"]
[EventDate "2014.10.19"]
[EventType "team-tourn"]
[EventRounds "9"]
[EventCountry "GER"]
[SourceTitle "EXT 2018"]
[Source "ChessBase"]
[SourceDate "2017.10.13"]
[SourceVersion "1"]
[SourceVersionDate "2017.10.13"]
[SourceQuality "1"]
[WhiteTeam "Tegernsee"]
[BlackTeam "Ebersberg Grafing"]
[WhiteTeamCountry "GER"]
[BlackTeamCountry "GER"]

1. d4 d5 2. c4 e6 3. Nf3 f5 4. Bf4 Nf6 5. h3 Be7 6. e3 0-0 7. Qc2 c6 8. Nc3 Ne4 9. Be2 Bd7 10. g4 Bh4 11. Nxe4 fxe4 12. Nxh4 Qxh4 13. Bg3 Qd8 14. 0-0-0 b5 15. cxb5 Qa5 16. Kb1 cxb5 17. Qc5 Rc8 18. Qe7 Re8 19. Qd6 Qa6 20. Rc1 Qxd6 21. Bxd6 a5 22. Rc7 Ra6 23. Be5 Rd8 24. Rb7 Nc6 25. Bxb5 Nxe5 26. Bxa6 Nf3 27. Rc1 1-0

[Event "Belgrade-chT"]
[Site "Belgrade"]
[Date "2014.09.22"]
[Round "3.3"]
[White "Maksimovic, Marko"]
[Black "Mitic, Miroljub"]
[Result "1-0"]
[WhiteElo "2210"]
[BlackElo "2235"]
[PlyCount "111"]
[EventDate "2014.09.20"]
[EventType "team-tourn"]
[EventRounds "11"]
[EventCountry "SRB"]
[SourceTitle "CBM 162 Extra"]
[Source "ChessBase"]
[SourceDate "2014.10.17"]
[SourceVersion "1"]
[SourceVersionDate "2014.10.17"]
[SourceQuality "1"]
[WhiteTeam "GSP Polet"]
[BlackTeam "Politika"]
[WhiteTeamCountry "SRB"]
[BlackTeamCountry "SRB"]

1. d4 Nf6 2. c4 c5 3. d5 b5 4. Bg5 bxc4 5. Nc3 d6 6. e4 Qa5 7. Qc2 g6 8. Bxc4 Bg7 9. Nge2 Ba6 10. Bxa6 Qxa6 11. 0-0 0-0 12. Rae1 Nbd7 13. f4 Rab8 14. Ng3 Ng4 15. Rf3 Bd4+ 16. Kh1 f6 17. Bh4 g5 18. Nf5 gxh4 19. h3 Nf2+ 20. Rxf2 Bxf2 21. Qxf2 Kh8 22. Nxe7 Rf7 23. Nf5 Nf8 24. Nxh4 Rfb7 25. Re2 Re8 26. Nf5 Rb6 27. Qh4 Nd7 28. Qh5 Qc8 29. Qf7 Rg8 30. Nb5 Rxb5 31. Nxd6 Qb8 32. Qxd7 Rb7 33. Qxb7 Qxd6 34. e5 fxe5 35. fxe5 Qh6 36. Qb3 Qc1+ 37. Kh2 Qf4+ 38. g3 Qf1 39. Qe3 Rf8 40. e6 Rf3 41. Qe5+ Kg8 42. Rg2 Rf2 43. Qe4 Rxg2+ 44. Qxg2 Qe1 45. h4 h5 46. Qc2 Qe5 47. Qg6+ Kh8 48. Qe8+ Kh7 49. Qf7+ Kh8 50. Qf2 c4 51. Qd2 Qd6 52. Qh6+ Kg8 53. Qg6+ Kh8 54. Qxh5+ Kg7 55. Qf7+ Kh6 56. Qf4+ 1-0

[Event "Regionalliga SO 1314"]
[Site "Bayern"]
[Date "2013.11.24"]
[Round "3.2"]
[White "Schmidt, Wolfgang"]
[Black "Maksimovic, Marko"]
[Result "1/2-1/2"]
[WhiteElo "2257"]
[BlackElo "2145"]
[PlyCount "43"]
[EventDate "2013.10.13"]
[EventType "team-tourn"]
[EventRounds "9"]
[EventCountry "GER"]
[SourceTitle "EXT 2015"]
[Source "ChessBase"]
[SourceDate "2014.11.20"]
[SourceVersion "1"]
[SourceVersionDate "2014.11.20"]
[SourceQuality "1"]
[WhiteTeam "Landshut"]
[BlackTeam "Ebersberg Grafing"]
[WhiteTeamCountry "GER"]
[BlackTeamCountry "GER"]

1. e4 c5 2. d4 cxd4 3. c3 d3 4. Bxd3 Nc6 5. c4 g6 6. Nc3 Bg7 7. Nge2 Nf6 8. 0-0 0-0 9. f3 Ne5 10. Be3 d6 11. Nf4 Nxd3 12. Qxd3 Be6 13. Rfd1 Nd7 14. b3 Qa5 15. Rac1 Rac8 16. Qd2 Rfe8 17. Nfd5 a6 18. Qf2 b5 19. b4 Qa3 20. Nb1 Qa4 21. Nbc3 Qa3 22. Rb1 1/2-1/2

[Event "Belgrade-chT"]
[Site "Belgrade"]
[Date "2013.10.14"]
[Round "3.6"]
[White "Maksimovic, Marko"]
[Black "Jovanovic, Zoran"]
[Result "1-0"]
[WhiteElo "2186"]
[BlackElo "2338"]
[PlyCount "85"]
[EventDate "2013.10.12"]
[EventType "team-tourn"]
[EventRounds "11"]
[EventCountry "SRB"]
[SourceTitle "EXT 2014"]
[Source "ChessBase"]
[SourceDate "2013.11.20"]
[SourceVersion "1"]
[SourceVersionDate "2013.11.20"]
[SourceQuality "1"]
[WhiteTeam "GSP Polet"]
[BlackTeam "Belgrade Vodovod"]
[WhiteTeamCountry "SRB"]
[BlackTeamCountry "SRB"]

1. d4 d5 2. Bf4 c6 3. e3 Bf5 4. c4 e6 5. Nc3 Bd6 6. Bg3 Nf6 7. Bd3 dxc4 8. Bxc4 0-0 9. Nf3 Bxg3 10. hxg3 Nbd7 11. Qe2 b5 12. Bd3 Qa5 13. Bxf5 exf5 14. Nd2 c5 15. Nb3 Qc7 16. dxc5 a6 17. Rc1 b4 18. Nb1 Rfe8 19. 0-0 g6 20. Rfd1 Ne5 21. N1d2 Ne4 22. Nxe4 fxe4 23. Rd4 Nd3 24. Rcc4 Qc6 25. Nc1 Nxc1 26. Rxc1 a5 27. Rd6 Qc7 28. Qc4 Rad8 29. Rcd1 Rxd6 30. Rxd6 Re5 31. Rd5 Rxd5 32. Qxd5 Kf8 33. g4 h6 34. c6 Ke7 35. Qxe4+ Kd6 36. Qf4+ Kxc6 37. Qxc7+ Kxc7 38. Kf1 Kd6 39. Ke2 Kd5 40. Kd3 a4 41. g3 f6 42. e4+ Kc5 43. f4 1-0

[Event "Belgrade-chT"]
[Site "Belgrade"]
[Date "2012.10.01"]
[Round "1.5"]
[White "Maksimovic, Marko"]
[Black "Maksimovic, Miroslav"]
[Result "1-0"]
[WhiteElo "2170"]
[BlackElo "2239"]
[PlyCount "65"]
[EventDate "2012.10.01"]
[EventType "team-tourn"]
[EventRounds "11"]
[EventCountry "SRB"]
[SourceTitle "CBM 150 Extra"]
[Source "ChessBase"]
[SourceDate "2012.10.19"]
[SourceVersion "1"]
[SourceVersionDate "2012.10.19"]
[SourceQuality "1"]
[WhiteTeam "Belgrade Polet"]
[BlackTeam "Belgrade PTT"]
[WhiteTeamCountry "SRB"]
[BlackTeamCountry "SRB"]

1. d4 Nf6 2. c4 e6 3. Nc3 Bb4 4. Qc2 0-0 5. e4 c5 6. a3 cxd4 7. axb4 dxc3 8. bxc3 d5 9. e5 Nfd7 10. f4 dxc4 11. Nf3 Nb6 12. Ng5 g6 13. h4 f5 14. h5 h6 15. Nf3 Nc6 16. hxg6 Kg7 17. Be3 Nd5 18. Bc5 Rh8 19. Rd1 b5 20. Bf2 Qe8 21. g4 fxg4 22. Nh4 g3 23. Bc5 Nxf4 24. Qe4 g2 25. Nxg2 Nxg2+ 26. Bxg2 Bb7 27. Rf1 Nd8 28. Qg4 Bxg2 29. Qxg2 Rc8 30. Qf2 Rxc5 31. Qf6+ Kg8 32. Rxd8 Rxe5+ 33. Qxe5 1-0